| 000 | 00384nam a2200145Ia 4500 | ||
|---|---|---|---|
| 005 | 20240624011624.0 | ||
| 008 | 240331s9999 xx 000 0 und d | ||
| 082 |
_bGAN _a891.48 |
||
| 100 | _aGanesalingan, S | ||
| 245 | 0 | _aKailasapathy ninaivugal | |
| 260 |
_aChennai _bKumaran Publishers _c1999 |
||
| 300 | _a102 p ., | ||
| 500 | _aReminiscence of Kailasapathy, in Tamil | ||
| 942 | _cL | ||
| 999 |
_c3925 _d3925 |
||